Boo Words Quiz Stats

 Plays Quiz Updated Oct 30, 2018

Score 0/18 Timer 04:00
1 Play Today
Clue Word % Correct
Slang for liquorBooze
92%
Child's injury or Yogi's sidekickBoo-Boo
91.1%
An adult male kangaroo or #8 on Battlestar GalaticaBoomer
88.4%
Curved wooden throwing implement...DUCK! It's coming back!Boomerang
88.2%
Slang for snotBooger
83.4%
Pirates' plunderBooty
80.2%
An imaginary monsterBoogeyman
79%
A person who receives & pays off betsBookie
74.6%
Website placeholder, hopefully Sporcle.com is one for youBookmark
72.6%
Clue Word % Correct
Supporter of the team or an extra vaccinationBooster
70.6%
What you pull yourself up byBootstraps
60.3%
To transport moonshine, or a football playBootleg
54.3%
A library on wheelsBookmobile
53.8%
A benefit or blessingBoon
49.1%
One who is uncouth in mannersBoor
41.7%
Fast-growing community or a Clark Gable filmBoomtown
38.3%
John Cusack's romantic tool in 'Say Anything'Boombox
32.7%
A true or false data type in programmingBoolean
25.3%

You're not logged in!

Compare scores with friends on all Sporcle quizzes.
OR
Log In

Sporcle TV

Today on Sporcle TV


Watch our educational content, quiz creation guides, and fun videos on Sporcle TV.

Show Comments

Extras

Top Quizzes Today


Score Distribution

Your Account Isn't Verified!

In order to create a playlist on Sporcle, you need to verify the email address you used during registration. Go to your Sporcle Settings to finish the process.

Report this User

Report this user for behavior that violates our Community Guidelines.

Details: